|
|
|
|
| LEADER |
00000nam0a2200000 4500 |
| 001 |
336623 |
| 005 |
20231102004855.0 |
| 020 |
|
|
|a RU
|
| 035 |
|
|
|a (RuTPU)RU\TPU\book\363052
|
| 035 |
|
|
|a RU\TPU\book\363049
|
| 090 |
|
|
|a 336623
|
| 100 |
|
|
|a 20171018a1979 k y0rusy5003 ca
|
| 101 |
0 |
|
|a rus
|
| 102 |
|
|
|a RU
|
| 105 |
|
|
|a a z 001zy
|
| 200 |
1 |
|
|a Фораминиферы дальневосточных морей СССР
|e [монография]
|f Академия наук СССР (АН СССР), Сибирское отделение (СО), Институт геологии и геофизики (ИГиГ) ; отв. ред. В. И. Гудина
|
| 210 |
|
|
|a Новосибирск
|c Наука
|d 1979
|
| 215 |
|
|
|a 398 с.
|c ил.
|
| 225 |
1 |
|
|a Труды института геологии и геофизики (ИГиГ) СО АН СССР
|a Вып. 387
|
| 320 |
|
|
|a Библиогр.: с. 277-284
|
| 320 |
|
|
|a Указатель: с. 285-288
|
| 606 |
1 |
|
|a Фораминиферы ископаемые
|2 stltpush
|3 (RuTPU)RU\TPU\subj\64078
|9 81005
|
| 610 |
1 |
|
|a систематика
|
| 610 |
1 |
|
|a условия обитания
|
| 610 |
1 |
|
|a распространение
|
| 610 |
1 |
|
|a структура
|
| 610 |
1 |
|
|a миграции
|
| 610 |
1 |
|
|a появление
|
| 610 |
1 |
|
|a исчезновение
|
| 610 |
1 |
|
|a стратиграфия
|
| 610 |
1 |
|
|a донные колонки
|
| 610 |
1 |
|
|a монографии
|
| 610 |
1 |
|
|a Дальний Восток
|
| 610 |
1 |
|
|a СССР
|
| 610 |
1 |
|
|a моря
|
| 675 |
|
|
|a 563.12
|z rus
|v 3
|
| 702 |
|
1 |
|a Гудина
|b В. И.
|4 340
|
| 712 |
0 |
2 |
|a Академия наук СССР (АН СССР)
|b Сибирское отделение (СО)
|b Институт геологии и геофизики (ИГиГ)
|c (Новосибирск)
|2 stltpush
|3 (RuTPU)RU\TPU\col\128
|
| 801 |
|
0 |
|a RU
|b 63413507
|c 19950704
|g psbo
|
| 801 |
|
1 |
|a RU
|b 63413507
|c 20171006
|
| 801 |
|
2 |
|a RU
|b 63413507
|c 20171019
|g RCR
|
| 942 |
|
|
|c BK
|